• 首页
  • 本馆介绍
  • 公告通知
  • 最新文献
  • 馆藏检索
  • 电子资源
  • 读者导购
  • 参考咨询
  • 我的图书馆
  • 登录
  • 详细信息显示
  • 放入我的书架
  • 预约/预借图书
  • 作者相关作品
  • 分类相关作品
  • 丛书相关作品
  • 出版社相关作品

书目信息

  • 表格格式
  • 工作单格式
  • 卡片格式
题名:
材料微结构分析原理与方法
    
 
作者: 李晓娜 主编
分册:  
出版信息: 大连   大连理工大学出版社  2014
页数: 442页
开本: 26cm
丛书名:
单 册:
中图分类: TB303
科图分类:
主题词: 工程材料--结构性能--性能分析--高等学校--教材
电子资源:
ISBN: 978-7-5611-9583-3
000 01085nam0 2200253 450
001 0103374295
005 20150311154315.0
010    @a978-7-5611-9583-3@dCNY56.00
100    @a20150106d2014 em y0chiy0120 ea
101 0  @achi
102    @aCN@b210000
105    @aa z 000yy
106    @ar
200 1  @a材料微结构分析原理与方法@9Cai Liao Wei Jie Gou Fen Xi Yuan Li Yu Fang Fa @f李晓娜主编@b专著@dPrinciples and methods in materials microstructure analysis@zeng
210    @a大连@c大连理工大学出版社@d2014
215    @a442页@c图@d26cm
300    @a高等学校理工科材料类规划教材
330    @a本书晶体学基础、X射线衍射分析、透射电子显微学、扫描电子显微镜与电子探针显微分析、其他显微分析方法5篇,介绍了晶体的对称性、X射线物理基础、亚晶粒大小和显微畸变的测定、电子光学基础、复杂电子衍射谱等内容。
510 1  @aPrinciples and methods in materials microstructure analysis@zeng
606 0  @a工程材料@x结构性能@x性能分析@x高等学校@j教材
690    @aTB303@v5
701  0 @a李晓娜@c(高等教育)@4主编@9li xiao na
801  0 @aCN@bAZmarc@c20230907
905    @aBZT@dTB303@e5@f5@sTB303/5
    
    材料微结构分析原理与方法/李晓娜主编=Principles and methods in materials microstructure analysis.-大连:大连理工大学出版社,2014
    442页:图;26cm
    高等学校理工科材料类规划教材
    
    ISBN 978-7-5611-9583-3:CNY56.00
    本书晶体学基础、X射线衍射分析、透射电子显微学、扫描电子显微镜与电子探针显微分析、其他显微分析方法5篇,介绍了晶体的对称性、X射线物理基础、亚晶粒大小和显微畸变的测定、电子光学基础、复杂电子衍射谱等内容。
●
相关链接 在五车中查询图书 在当当中查询图书 在豆瓣中查询图书


正题名:材料微结构分析原理与方法     索取号:TB303/5         预约/预借

序号 登录号 条形码 馆藏地/架位号 状态 备注
1 2000010990   2000010990   旧书回溯/ [索取号:TB303/5] 在馆    
2 2000010991   2000010991   旧书回溯/ [索取号:TB303/5] 在馆    
3 2000010992   2000010992   旧书回溯/ [索取号:TB303/5] 在馆    
4 2000010993   2000010993   旧书回溯/ [索取号:TB303/5] 在馆    
5 2000010994   2000010994   旧书回溯/ [索取号:TB303/5] 在馆    
山东省滨州职业学院图书馆 欢迎您!
大连网信软件有限公司© 版权所有